LEADER 01785nam a2200385 a 4500 001 000000149516 003 CaOOAMICUS 005 20220623170422.0 008 160218s2015 it u001 u ita r 020 $a978-88-215-9630-8* 032 $aLibriCat 040 $aPUL$bita 041 1 $aita$hger 082 04$a299.6 100 1 $aFischer, Georg,$cS.I.,$d1954-$0(OLS)http://pul/name/55106 240 10$aTheologien des Alten Testaments .$h Italiano.$0(OLS)http://pul/title/188508 245 00$aTeologie dell'Antico Testamento /$cGeorg Fischer; edizione italiana a cura di Simone Paganini e Benedetta Rossi. 260 $aCinisello Balsamo :$bSan Paolo,$cİ2015$aRoma :$bGregorian & Biblical Press,$cİ2015. 300 $a445 p. ;$c23 cm. 490 1 $aLectio (San Paolo e Gregorian & Biblical Press) ;$v8 500 $aInclude indici. 504 $aBibliografia p. [385]-394. 630 04$aBiblia.$pV.T.$xTeologia.$0(OLS)http://pul/subject/5023 700 1 $aPaganini, Simone.$0(OLS)http://pul/name/79068 700 1 $aRossi, Benedetta,$csuora.$0(OLS)http://pul/name/88208 830 0$aLectio (San Paolo e Gregorian & Biblical Press) ;$v8.$0(OLS)http://pul/title/188510 850 $aPUL 852 $aPUL$W1$xSL Religione 3$y85$m220. 6 FISGE 3$j172166$qDDC 21$B173790$CPULBib$Z2$F173790 $H127256 $81 941 1 $a9 996 $6020$a978-88-215-9630-8*$9(OLS)http://pul/number/159758 996 $6082$a299.6$9(OLS)http://pul/classification/2914 996 $6245$aTeologie dell'Antico Testamento$9(OLS)http://pul/title/188509 996 $6260$aCinisello Balsamo :$bSan Paolo$9(OLS)http://pul/publisher/54577 996 $6260$aRoma :$bGregorian & Biblical Press$9(OLS)http://pul/publisher/81048 LEADER 01263nam a2200325 a 4500 001 000000170292 003 CaOOAMICUS 005 20181105164131.0 008 181105s2018 it u000 u ita r 020 $a978-88-10-41036-3* 032 $aLibriCat 040 $aPUL$bita 082 04$a232 100 1 $aLorusso, Giacomo.$0(OLS)http://pul/name/38981 245 10$aIntroduzione a Paolo :$bprofilo biografico e teologico / $cGiacomo Lorusso . 260 $aBologna :$bEDB,$cİ2018. 300 $a157 p. ;$c21 cm. 490 1 $aStudi biblici ;$v84 504 $aBibliografia in nota. 600 04$aPaulus,$cs., apostolo.$0(OLS)http://pul/subject/417 830 0$aStudi biblici (EDB) ;$v84.$0(OLS)http://pul/title/103934 850 $aPUL 852 $aPUL$W1$xSL Religione 3$y85$m227 LORGI 1$j193201$qDDC 21$B198563$CPULBib$Z2$F198563 $H131529 $81 941 1 $a9 983 0$aCollana Studi biblici. 996 $6020$a978-88-10-41036-3*$9(OLS)http://pul/number/165164 996 $6082$a232$9(OLS)http://pul/classification/381 996 $6245$aIntroduzione a Paolo :$bprofilo biografico e teologico / $9(OLS)http://pul/title/211027 996 $6260$aBologna :$bEDB$9(OLS)http://pul/publisher/56073